Before They Were Titans (Record no. 91939)

MARC details
000 -LEADER
fixed length control field 01666nam a2200253Ii 4500
008 - FIXED-LENGTH DATA ELEMENTS--GENERAL INFORMATION
fixed length control field 221202s xx 000 0 und d
245 #0 - TITLE STATEMENT
Title Before They Were Titans
246 ## - VARYING FORM OF TITLE
Title proper/short title Essays on the Early Works of Dostoevsky and Tolstoy
264 #1 - PRODUCTION, PUBLICATION, DISTRIBUTION, MANUFACTURE, AND COPYRIGHT NOTICE
Place of production, publication, distribution, manufacture Boston, MA
Name of producer, publisher, distributor, manufacturer Academic Studies Press
Date of production, publication, distribution, manufacture, or copyright notice 2015
300 ## - PHYSICAL DESCRIPTION
Extent 1 online resource
336 ## - CONTENT TYPE
Content type term text
Content type code txt
Source rdacontent
337 ## - MEDIA TYPE
Media type term computer
Media type code c
Source rdamedia
338 ## - CARRIER TYPE
Carrier type term online resource
Carrier type code cr
Source rdacarrier
490 ## - SERIES STATEMENT
Series statement Ars Rossica
520 ## - SUMMARY, ETC.
Summary, etc. Dostoevsky and Tolstoy are the titans of Russian literature. As mature artists, they led very different lives and wrote vastly different works, but their early lives and writings display provocative kinships, while also indicating the divergent paths the two authors would take en route to literary greatness. The ten new critical essays here, written by leading specialists in nineteenth-century Russian literature, give fresh, sophisticated readings to works from the first decade of the literary life of each Russian author-for Dostoevsky, the 1840s; for Tolstoy, the 1850s. Collectively, these essays yield composite portraits of these two artists as young men finding their literary way. At the same time, they show how the early works merit appreciation for themselves, before their authors were Titans.
653 ## - INDEX TERM--UNCONTROLLED
Uncontrolled term Arts
653 ## - INDEX TERM--UNCONTROLLED
Uncontrolled term Fyodor Dostoevsky
653 ## - INDEX TERM--UNCONTROLLED
Uncontrolled term Leo Tolstoy
653 ## - INDEX TERM--UNCONTROLLED
Uncontrolled term Literary Criticism
653 ## - INDEX TERM--UNCONTROLLED
Uncontrolled term Russians
700 1# - ADDED ENTRY--PERSONAL NAME
Personal name Allen, Elizabeth Cheresh
856 ## - ELECTRONIC LOCATION AND ACCESS
Uniform Resource Identifier <a href="https://docs.google.com/spreadsheets/d/1yKIrdCPDAG_9c22mwoOIO2DOhtj65Wqa/edit?usp=sharing&ouid=106555315294820607512&rtpof=true&sd=true ">https://docs.google.com/spreadsheets/d/1yKIrdCPDAG_9c22mwoOIO2DOhtj65Wqa/edit?usp=sharing&ouid=106555315294820607512&rtpof=true&sd=true </a>
Link text List of Curated E-Books
942 ## - ADDED ENTRY ELEMENTS (KOHA)
Koha item type E-Book

No items available.

University of Rizal System
Email us at univlibservices@urs.edu.ph

Visit our Website www.urs.edu.ph/library